| 000 | 00648nam a2200205 a 4500 | ||
|---|---|---|---|
| 001 | 12967 | ||
| 003 | BD-JhCC | ||
| 005 | 20230621093849.0 | ||
| 008 | 230607s2022 b |||| |||| 000 0 b d | ||
| 035 | _a(BD-JhCC)12966 | ||
| 040 |
_aBD-JhCC _dBD-JhCC |
||
| 041 | _aben | ||
| 082 |
_a891.4415 _bISL 2022 |
||
| 100 | _aইসলাম, এস এম নজরুল | ||
| 245 |
_aলাল সূর্য / _cএস এম নজরুল ইসলাম |
||
| 260 |
_aঢাকা : _bডিজি প্রিন্টার্স, _c২০২২ |
||
| 300 |
_a৫৬ পৃ. : _c২১ সেমি. |
||
| 650 | _aBengali Poem | ||
| 942 |
_2ddc _cBK |
||
| 999 |
_c12967 _d12967 |
||